đŸŽ¶ Paroles "Roule" Soprano" - Statistiques

Statistiques générales
  • Ce quiz a Ă©tĂ© pris 586 fois
  • Le rĂ©sultat moyen est 304 sur 374
Statistiques - réponses
Mots % Correct
J'
99%
j'
99%
Ă 
98%
d'
98%
l'
98%
roule,
98%
roule
98%
de
97%
Je
97%
je
97%
La
97%
la
97%
lĂ 
97%
Le
96%
le
96%
ma
96%
n'
96%
s'
95%
Au
94%
au
94%
en
93%
En
93%
et
89%
Les
89%
les
89%
nuit
89%
des
88%
fou
87%
Mon
87%
mon
87%
ta
87%
ai
86%
maladie
86%
Dans
85%
vie
84%
foutue
83%
insultant
83%
ville
83%
accélÚre
82%
bout
82%
se
82%
avec
81%
Jusqu'
81%
Mais
81%
mais
81%
rues
81%
air
80%
boule
80%
si
80%
ventre
80%
est
79%
Larme
79%
me
79%
monde
79%
tout
79%
jour
78%
oeil,
78%
Tu
78%
Donc
77%
Il
77%
lĂšve
77%
refais
77%
comme
76%
plus
75%
avant
73%
Majeur
73%
Rien
72%
reprend
71%
Ton
70%
ton
70%
souriant
69%
dormir
68%
fais
68%
quand
68%
sourire
67%
impossible
66%
bruit
65%
gens
65%
Ils
65%
milieu
65%
Oui
65%
Faut
64%
gamelle
64%
trop
64%
arrive
63%
nouvelles
63%
proches
63%
Font
62%
remplir
62%
rire
62%
On
61%
on
61%
semblant
61%
temps
61%
appellent
60%
chante,
59%
danse
59%
Fait
59%
leur
59%
prennent
59%
Tous
58%
tous
58%
absence
57%
aller
56%
nous
56%
ment
54%
mieux
54%
dire
52%
revoir
52%
soirs
52%
va
52%
sur
50%
sera
49%
lui
48%
ainsi
47%
toi
47%
pense
46%
repris
45%
souvenir
45%
sport
45%
heureux
44%
insomnie
44%
pleure
44%
voulais
44%
paradis
42%
cette
41%
demande
41%
mĂšnent
41%
parfois
41%
quai
41%
forts
40%
douleur
39%
pourquoi
39%
moins
38%
paix,
37%
trains
37%
reposes
36%
croit
35%
fois
35%
Aucun quiz correspondant
Distribution des résultats
% des personnes avec chaque résultat
Percentile par nombre de réponses
Votre historique - résultats
Vous n’avez pas pris ce quiz